|
|
|
|
| LEADER |
01598nam a2200397Ia 4500 |
| 001 |
EBC3014512 |
| 003 |
MiAaPQ |
| 005 |
20200520144314.0 |
| 006 |
m o d | |
| 007 |
cr cn||||||||| |
| 008 |
070204s2006 dcua sb i000 0 eng d |
| 035 |
|
|
|a (MiAaPQ)EBC3014512
|
| 035 |
|
|
|a (Au-PeEL)EBL3014512
|
| 035 |
|
|
|a (CaPaEBR)ebr10380895
|
| 035 |
|
|
|a (CaONFJC)MIL382409
|
| 035 |
|
|
|a (OCoLC)694141205
|
| 040 |
|
|
|a MiAaPQ
|c MiAaPQ
|d MiAaPQ
|
| 050 |
|
4 |
|a HG1616.C34
|b C43 2006
|
| 100 |
1 |
|
|a Chan-Lau, Jorge A.
|
| 245 |
1 |
0 |
|a Distance-to-default in banking
|h [electronic resource] :
|b a bridge too far? /
|c Jorge A. Chan-Lau and Amadou N.R. Sy.
|
| 260 |
|
|
|a [Washington, D.C.] :
|b International Monetary Fund, Monetary and Financial Systems Dept.,
|c c2006.
|
| 300 |
|
|
|a 17 p. :
|b ill.
|
| 490 |
1 |
|
|a IMF working paper ;
|v WP/06/215
|
| 500 |
|
|
|a "September 2006."
|
| 504 |
|
|
|a Includes bibliographical references.
|
| 533 |
|
|
|a Electronic reproduction. Ann Arbor, MI : ProQuest, 2015. Available via World Wide Web. Access may be limited to ProQuest affiliated libraries.
|
| 650 |
|
0 |
|a Bank capital
|x Econometric models.
|
| 650 |
|
0 |
|a Bank failures
|x Econometric models.
|
| 650 |
|
0 |
|a Default (Finance)
|x Econometric models.
|
| 650 |
|
0 |
|a Risk
|x Econometric models.
|
| 655 |
|
4 |
|a Electronic books.
|
| 700 |
1 |
|
|a Sy, Amadou N. R.
|
| 710 |
2 |
|
|a International Monetary Fund.
|b Monetary and Financial Systems Dept.
|
| 710 |
2 |
|
|a ProQuest (Firm)
|
| 830 |
|
0 |
|a IMF working paper ;
|v WP/06/215.
|
| 856 |
4 |
0 |
|u https://ebookcentral.proquest.com/lib/matrademy/detail.action?docID=3014512
|z Click to View
|